zpět

Detail výsledku týmu

U Ječmínka, Prostějov

Datum a čas kvízu

20.5 Celkem bodů Celkový počet nahraných bodů na tomto kvízu bez doplňovacích otázek.
7. Pořadí na kvízu Konečné umístění týmu na tomto kvízu.

Zaznamenané odpovědi

# Otázka Odpověď Body Výsledky
1. Jistý poslanec za SPD minulý t... Radek Koten 0
2. Ve kterém německém městě se mi... v Mnichově 1
3. Jak se nazývá oblíbený komiks,... Čtyřlístek 1
4. Minulý týden vydal Český stati... A 1
5. Který norský sportovec získal... Johannes Bö 1
6. Obec s nejdelším názvem v Česk... A 1
7. Česká republika se dělí na 14... Karlovy Vary, Jihlava 0.5
8. Nejvýše položená železniční st... Kubova 0
9. V této otázce bude potřeba k z... 1D 2A 3B 4C 0
10. V České republice jsou čtyři ú... NP Šumava 0